Bài giảng vitamine Dành cho sinh viên Y Dược trong ĐH và sau ĐH

Gardado en:
Detalles Bibliográficos
Autor Principal: Nguyễn Kim Hùng
Formato: Libro
Idioma:Undetermined
Publicado: Hà Nội Y học 1986
Những chủ đề:
Các nhãn: Engadir etiqueta
Sen Etiquetas, Sexa o primeiro en etiquetar este rexistro!
Thư viện lưu trữ: Trung tâm Học liệu Trường Đại học Cần Thơ
LEADER 00519nam a2200181Ia 4500
001 CTU_7928
008 210402s9999 xx 000 0 und d
082 |a 574.1926 
082 |b H513b 
100 |a Nguyễn Kim Hùng 
245 0 |a Bài giảng vitamine 
245 0 |b Dành cho sinh viên Y Dược trong ĐH và sau ĐH 
245 0 |c Nguyễn Kim Hùng 
260 |a Hà Nội 
260 |b Y học 
260 |c 1986 
650 |a vitamins 
980 |a Trung tâm Học liệu Trường Đại học Cần Thơ